Actrices ayant remporté plus d'un Oscar - Statistiques

Statistiques générales
  • Ce quiz a été pris 161 fois
    27 depuis la dernière actualisation
  • Le résultat moyen est 8 sur 22
Statistiques - réponses
Hint Films Réponse % Correct
- La La Land- Pauvres créatures Emma Stone
85%
3 fois - Kramer contre Kramer - Le Choix de Sophie- La Dame de fer Meryl Streep
85%
- Les Accusés- Le Silence des agneaux Jodie Foster
81%
4 fois - Gloire éphémère- Devine qui vient dîner... - Le Lion en hiver - La Maison du lac Katharine Hepburn
73%
- Boys Don't Cry- Million Dollar Baby Hilary Swank
62%
- Fargo- Three Billboards : Les Panneaux de la vengeance
- Nomadland
Frances McDormand
58%
- Aviator- Blue Jasmine Cate Blanchett
54%
- Autant en emporte le vent- Un tramway nommé Désir Vivien Leigh
46%
- Klute- Le Retour Jane Fonda
38%
- Hantise- Anastasia - Le Crime de l'Orient-Express Ingrid Bergman
35%
- La Vénus au vison- Qui a peur de Virginia Woolf ? Elizabeth Taylor
31%
- Retour à Cold Mountain- Judy Renée Zellweger
31%
2 fois - L'Intruse- L'Insoumise Bette Davis
23%
- Tootsie- Blue Sky Jessica Lange
23%
- À chacun son destin- L'Héritière Olivia de Havilland
23%
- Norma Rae- Les Saisons du cœur Sally Field
23%
- Les Belles Années de Miss Brodie- California Hôtel Maggie Smith
19%
- Love - Une maîtresse dans les bras, une femme sur le dos Glenda Jackson
15%
- Le Grand Ziegfeld- Visages d'Orient Luise Rainer
8%
- Le Journal d'Anne Frank- Un coin de ciel bleu Shelley Winters
8%
- Hannah et ses sœurs- Coups de feu sur Broadway Dianne Wiest
4%
- La Faute de Madelon Claudet- Airport Helen Hayes
0%
Aucun quiz correspondant
Distribution des résultats
% des personnes avec chaque résultat
Percentile par nombre de réponses
Votre historique - résultats
Vous n’avez pas pris ce quiz depuis la dernière actualisation